[Event "TUN-ch U20"]
[Site "Monastir"]
[Date "2021.09.02"]
[Round "3"]
[White "Barrani, Adem"]
[Black "Elayeb, Med Yessine"]
[Result "0-1"]
[WhiteElo "1481"]
[BlackElo "1661"]
[PlyCount "90"]
[EventDate "2021.09.01"]
[EventType "tourn"]
[EventRounds "9"]
[EventCountry "TUN"]
[SourceTitle "EXT 2023"]
[Source "ChessBase"]
[SourceDate "2022.10.05"]
[SourceVersion "1"]
[SourceVersionDate "2022.10.05"]
[SourceQuality "1"]

1. e4 c5 2. Nc3 Nc6 3. f4 e6 4. Nf3 Nge7 5. Bb5 Nd4 6. 0-0 a6 7. Be2 d5 8. d3 Nec6 9. f5 dxe4 10. Nxe4 exf5 11. Ng3 Bd6 12. Nxd4 Nxd4 13. c3 Bxg3 14. hxg3 Nxe2+ 15. Qxe2+ Qe7 16. Qxe7+ Kxe7 17. Be3 Kd6 18. Rfd1 Be6 19. d4 c4 20. Bf4+ Kc6 21. Rac1 Rhe8 22. b3 Rad8 23. Kf2 Bd5 24. Rd2 Re4 25. Rb2 Rde8 26. Rcb1 b5 27. Rc2 f6 28. Rh1 g5 29. Rh6 gxf4 30. Rxf6+ R8e6 31. Rxf5 fxg3+ 32. Kxg3 Rg6+ 33. Kh2 Reg4 34. bxc4 bxc4 35. Rff2 Rg3 36. Rf6+ Rxf6 37. Kxg3 Rg6+ 38. Kh3 Re6 39. g4 Re3+ 40. Kh4 Be4 41. Rf2 Rxc3 42. Rf6+ Kd5 43. Rxa6 Kxd4 44. a4 Ra3 45. Ra7 c3 0-1

[Event "TUN-ch Subsidiaire"]
[Site "Hammamet"]
[Date "2020.10.01"]
[Round "6"]
[White "Elayeb, Med Yessine"]
[Black "Ghanem, Khaled"]
[Result "1-0"]
[WhiteElo "1617"]
[BlackElo "1760"]
[PlyCount "45"]
[EventDate "2020.09.28"]
[EventType "swiss"]
[EventRounds "9"]
[EventCountry "TUN"]
[SourceTitle "CBM 198 Extra"]
[Source "ChessBase"]
[SourceDate "2020.11.30"]
[SourceVersion "1"]
[SourceVersionDate "2020.11.30"]
[SourceQuality "1"]

1. Nf3 Nf6 2. g3 e6 3. Bg2 c5 4. 0-0 Be7 5. c4 Nc6 6. Nc3 0-0 7. e3 d5 8. b3 d4 9. exd4 cxd4 10. Nb1 e5 11. Re1 Qc7 12. Qe2 Nd7 13. d3 Bf6 14. Nbd2 g6 15. Ne4 Bg7 16. Ba3 Re8 17. Nd6 Re6 18. Nxf7 Rf6 19. N7g5 Nf8 20. Ne4 Re6 21. Nfg5 Re8 22. Nd6 Rd8 23. Bd5+ 1-0

[Event "Online Olym Div3 D"]
[Site "Chess.com INT"]
[Date "2020.08.07"]
[Round "3.1"]
[White "Felizardo Viageiro, Vasco Mateus"]
[Black "Elayeb, Med Yessine"]
[Result "1-0"]
[WhiteElo "1862"]
[BlackElo "1617"]
[PlyCount "101"]
[EventDate "2020.08.07"]
[EventType "team-tourn (rapid)"]
[EventRounds "9"]
[EventCountry "USA"]
[SourceTitle "CBM 198"]
[Source "ChessBase"]
[SourceDate "2020.10.31"]
[SourceVersion "1"]
[SourceVersionDate "2020.10.31"]
[SourceQuality "1"]
[WhiteTeam "Mozambique"]
[BlackTeam "Tunisia"]
[WhiteTeamCountry "MOZ"]
[BlackTeamCountry "TUN"]

1. e4 c6 2. d4 d5 3. Nc3 dxe4 4. Nxe4 Bf5 5. Ng3 Bg6 6. Nf3 Nd7 7. Bd3 Ngf6 8. 0-0 Qc7 9. Re1 e6 10. Ne5 Bxd3 11. Qxd3 Nxe5 12. dxe5 Nd7 13. f4 0-0-0 14. Qe2 Nb6 15. Ne4 Be7 16. a4 a5 17. g3 Rd5 18. Be3 Rd7 19. c4 Bb4 20. Rec1 Kb8 21. Qf2 Nc8 22. c5 Rd5 23. Nd6 Rf8 24. Rd1 Ne7 25. Qc2 f6 26. exf6 gxf6 27. Qxh7 Bxc5 28. Bxc5 Rxc5 29. Qg7 Rd8 30. Ne4 Rc2 31. Qxf6 Qb6+ 32. Kh1 Rxd1+ 33. Rxd1 Qe3 34. Qh8+ Nc8 35. Ng5 Qe2 36. Qe5+ Qxe5 37. fxe5 Ne7 38. Re1 Rxb2 39. Nxe6 Rb4 40. Kg2 Rxa4 41. h4 Rc4 42. h5 a4 43. h6 a3 44. Nf4 a2 45. h7 Rc2+ 46. Kh3 Rb2 47. h8Q+ Ka7 48. Ra1 Nf5 49. e6 Rb3 50. Rxa2+ Kb6 51. Rb2 1-0

[Event "TUN-chTB"]
[Site "Hammamet"]
[Date "2019.03.16"]
[Round "7.1"]
[White "Majdoub, Sofien"]
[Black "Elayeb, Med Yessine"]
[Result "0-1"]
[WhiteElo "1472"]
[BlackElo "1514"]
[PlyCount "38"]
[EventDate "2019.02.09"]
[EventType "team-tourn"]
[EventRounds "11"]
[EventCountry "TUN"]
[SourceTitle "EXT 2021"]
[Source "ChessBase"]
[SourceDate "2020.10.23"]
[SourceVersion "1"]
[SourceVersionDate "2020.10.23"]
[SourceQuality "1"]

1. d4 d5 2. Bf4 Nf6 3. e3 e6 4. Nf3 c5 5. c3 Nc6 6. Nbd2 Bd6 7. Bg3 0-0 8. Bd3 b6 9. Ne5 Bb7 10. f4 Ne7 11. Bh4 Nf5 12. Bf2 Ne4 13. Nxe4 dxe4 14. Bc2 cxd4 15. cxd4 Bb4+ 16. Kf1 Rc8 17. a3 Be7 18. Bb3 Bd5 19. g4 f6 0-1

[Event "TUN-chTB"]
[Site "Hammamet"]
[Date "2019.03.09"]
[Round "4.1"]
[White "Sayhi, Yassine"]
[Black "Elayeb, Med Yessine"]
[Result "1-0"]
[WhiteElo "1816"]
[BlackElo "1514"]
[PlyCount "55"]
[EventDate "2019.02.09"]
[EventType "team-tourn"]
[EventRounds "11"]
[EventCountry "TUN"]
[SourceTitle "EXT 2021"]
[Source "ChessBase"]
[SourceDate "2020.10.23"]
[SourceVersion "1"]
[SourceVersionDate "2020.10.23"]
[SourceQuality "1"]

1. d4 d5 2. Bf4 Nf6 3. e3 c5 4. c3 e6 5. Nf3 Bd6 6. Bg3 0-0 7. Bd3 b6 8. Qa4 Bb7 9. Nbd2 Nc6 10. 0-0 Ne7 11. Bxd6 Qxd6 12. Ne5 Ne4 13. Qc2 f5 14. f4 a5 15. Rad1 Ba6 16. Rfe1 Bxd3 17. Qxd3 c4 18. Qe2 b5 19. Rf1 Nxd2 20. Qxd2 Rfb8 21. Qe2 Nc6 22. g4 fxg4 23. Qxg4 Nxe5 24. fxe5 Qe7 25. Rf6 Re8 26. Rdf1 Ra7 27. h4 h6 28. Qg6 1-0